Autos sacramentales II. El pleito matrimonial del cuerpo y el alma. Los encantos de la culpa. Tú prójimo como a tí
Sparad:
| Huvudupphovsman: | |
|---|---|
| Materialtyp: | Bok |
| Språk: | Undetermined |
| Publicerad: |
Madrid, España
Espasa-Calpe
1967
|
| Ämnen: | |
| Taggar: |
Lägg till en tagg
Inga taggar, Lägg till första taggen!
|
MARC
| LEADER | 00000nam a2200000Ia 4500 | ||
|---|---|---|---|
| 008 | 170316s9999 xx 000 0 und d | ||
| 040 | |a cru BVZT | ||
| 090 | |a 862 C-3au | ||
| 100 | |a Calderón de la Barca, Pedro | ||
| 245 | |a Autos sacramentales II. El pleito matrimonial del cuerpo y el alma. Los encantos de la culpa. Tú prójimo como a tí | ||
| 260 | |a Madrid, España | ||
| 260 | |b Espasa-Calpe | ||
| 260 | |c 1967 | ||
| 300 | |a 213 páginas | ||
| 650 | |a LITERATURA ESPAÑOLA | ||
| 650 | |a OBRAS DE TEATRO | ||
| 999 | |c 9732 |d 9732 | ||
| 942 | |c 15 D |h 862 C-3au |2 z | ||
